Impresos sevillanos del siglo XVIII (Record no. 20368)

MARC details
000 -LEADER
campo de control de longitud fija 00668nam a2200193 i 4500
001 - NÚMERO DE CONTROL
campo de control 20368
003 - IDENTIFICADOR DE NÚMERO DE CONTROL
campo de control ES-MaACL
005 - FECHA Y HORA DE LA ÚLTIMA TRANSACCIÓN
campo de control 20230906152303.0
007 - CAMPO FIJO DE DESCRIPCIÓN FÍSICA--INFORMACIÓN GENERAL
campo de control de longitud fija t|
008 - DATOS DE LONGITUD FIJA--INFORMACIÓN GENERAL
campo de control de longitud fija 021112s1974 sp |||| | spa d
100 1# - ENTRADA PRINCIPAL--NOMBRE DE PERSONA
Nombre de persona Aguilar Piñal, Francisco.
9 (RLIN) 18744
245 10 - MENCIÓN DEL TÍTULO
Título Impresos sevillanos del siglo XVIII
Resto del título : adiciones a tipografía hispalense /
Mención de responsabilidad, etc. Francisco Aguilar Piñal.
260 ## - PUBLICACIÓN, DISTRIBUCIÓN, ETC.
Lugar de publicación, distribución, etc. Madrid :
Nombre del editor, distribuidor, etc. Instituto Miguel de Cervantes,
Fecha de publicación, distribución, etc. 1974.
300 ## - DESCRIPCIÓN FÍSICA
Extensión 421 p. ;
Dimensiones 24 cm.
650 #4 - PUNTO DE ACCESO ADICIONAL DE MATERIA--TÉRMINO DE MATERIA
Término de materia o nombre geográfico como elemento de entrada Libros antiguos-
Subdivisión geográfica Sevilla-
Subdivisión de forma Bibliografías.
9 (RLIN) 149583
650 #4 - PUNTO DE ACCESO ADICIONAL DE MATERIA--TÉRMINO DE MATERIA
Término de materia o nombre geográfico como elemento de entrada Bibliografías sevillanas.
9 (RLIN) 165125
710 2# - ENTRADA AGREGADA--NOMBRE DE ENTIDAD CORPORATIVA
Nombre de entidad corporativa o nombre de jurisdicción como elemento de entrada Instituto "Miguel de Cervantes"
9 (RLIN) 5133
852 ## - LOCALIZACIÓN
Ubicación ES-MaACL
Número de control de estantería E-8553
Holdings
Estatus retirado Estado de pérdida Fuente del sistema de clasificación o colocación Estado de daño No para préstamo Colección Biblioteca de origen Biblioteca actual Ubicación en estantería Fecha de adquisición Total de préstamos Signatura topográfica completa Código de barras Visto por última vez Precio de reemplazo Tipo de ítem Koha
    Clasificación decimal universal     Biblioteca profesional Biblioteca del Ateneo de Madrid Biblioteca del Ateneo de Madrid Depósito 2 17/01/2008   E-8553 1020888 23/02/2023 23/02/2023 Libro impreso